| 000 | 00887nam a22002055i 4500 | ||
|---|---|---|---|
| 001 | 153009 | ||
| 003 | ES-MaACL | ||
| 005 | 20230906204958.0 | ||
| 008 | 990122s1870 po |||| | fre d | ||
| 100 | 1 |
_aCastilho, Alexandre Magno de. _9126384 |
|
| 245 | 1 | 0 |
_aSeconde étude sur les colonnes ou monuments commémoratifs de découvertes portugaises en Afrique / _cpar Alexandre Magno de Castilho. |
| 260 |
_aLisbonne : _b[s.n.], _c1870 ( _fImp. de l'Académie Royale des Sciences) |
||
| 300 |
_a116 p. ; _c23 cm. |
||
| 490 | 1 | _aÉtudes historico-géographiques | |
| 651 | 4 |
_aÁfrica- _xDescubrimientos y exploraciones- _xPortugueses. _9172132 |
|
| 710 | 2 |
_aAcadémie des sciences (Francia) _91231 |
|
| 830 | 1 |
_aÉtudes historico-géographiques _9221385 |
|
| 852 |
_aES-MaACL _jT-246-F-2 _z- Enc. hol., falto de cub. original _z- Enc. en un vol. facticio |
||
| 999 |
_c153009 _d153009 |
||